000 00298nam a22001217a 4500
040 _cHS
082 _a671
100 _aកែវ គឹមហុង
245 _aអេកូឡូស៊ីកសិកម្ម
260 _aRUA
_bកែវ គឹមហុង
_c2011
300 _a29p;
942 _cKB
999 _c9462
_d9462